| 000 | 01228nam a2200337 i 4500 | ||
|---|---|---|---|
| 001 | 193056 | ||
| 003 | SpMaBN | ||
| 005 | 20250307141814.0 | ||
| 007 | ta | ||
| 008 | 230726s2022 sp | |||| 000 0 spa | ||
| 017 |
_aM 20115-2022 _bOficina Depósito Legal Madrid |
||
| 020 | _a9788412587401 | ||
| 035 | _aa7314591 | ||
| 040 |
_aSpMaBN _bspa _cSpMaBN _erda _dES-MaACL |
||
| 100 | 1 |
_aCastañón, Francisco J., _d1961- _eaut _9153534 |
|
| 245 | 1 |
_aTierra llana / _cFrancisco J. Castañón |
|
| 264 | 1 |
_a[Menorca] : _bEdiciones Vitruvio, _c2022 |
|
| 300 |
_a21 páginas ; _c24 cm |
||
| 336 |
_aTexto _2rdacontent |
||
| 337 |
_asin mediación _2rdamedia |
||
| 338 |
_avolumen _2rdacarrier |
||
| 490 | 1 |
_aBaños del Carmen ; _v925 |
|
| 655 | 7 |
_aPoesías _2tgfbne _9176539 |
|
| 830 |
_aColección Baños del Carmen _v925 _9183030 |
||
| 852 |
_aES-MaACL _bR. 153492 _cDEPOJ _jN-8995 _gFirmado y dedicado por el autor _hDonación: Francisco J. Castañon _xRústica con solapas _9200361 |
||
| 903 |
_aCastañón, Francisco J., _d1961- _ednr _9153534 |
||
| 942 |
_n0 _cMONOGRAFIA |
||
| 999 |
_c193056 _d193056 |
||